000 00649nam a2200217Ia 4500
003 GCL
008 140319s9999 xx 000 0 ara d
040 _aGCL /
_cGCL
082 0 4 _a797.2
_bا ا
100 1 _aاسامة كامل راتب
245 1 0 _aالاسس العلمية لتدريب السباحة /
_cاسامة كامل راتب
700 1 _aعلى محمد ذكى
260 _a[S.N] :
_bدار الفكر العربى ،
_c1992
300 _a463 ص
490 _a
650 0 4 _aالتدريب الرياضى
650 0 4 _aالسباحة
650 0 4 _aالرياضة المائية
650 0 4 _aالغطس
942 _2ddc
_cBK
999 _c31112
_d31112